Welcome to the Holygrace Academy Library

Please use search bar below to get started

TOGETHER WITH MATHEMATICS SOLUTIONS (Record no. 731)

MARC details
000 -LEADER
fixed length control field 00356nam a22001337a 4500
020 ## - INTERNATIONAL STANDARD BOOK NUMBER
ISBN 81-8741490-1
082 ## - DEWEY DECIMAL CLASSIFICATION NUMBER
Classification number 510
Item number DEW/M
100 ## - MAIN ENTRY--AUTHOR NAME
Personal name RAJESH K DEWAN, Dr.SANJEEV VERMA
245 ## - TITLE STATEMENT
Title TOGETHER WITH MATHEMATICS SOLUTIONS
Remainder of title CLASS XII
260 ## - PUBLICATION, DISTRIBUTION, ETC. (IMPRINT)
Place of publication MEERUT
Name of publisher RACHNA SAGAR PVT LTD
300 ## - PHYSICAL DESCRIPTION
Number of Pages 295
650 ## - SUBJECT ADDED ENTRY--TOPICAL TERM
Topical Term MATHS SOLUTIONS FOR CLASS XII
Geographic subdivision INDIA
942 ## - ADDED ENTRY ELEMENTS (KOHA)
Koha item type Books
Holdings
Withdrawn status Lost status Collection code Home library Current library Shelving location Date acquired Source of acquisition Cost, normal purchase price Full call number Accession Number Koha item type
    Reference Main Library Main Library SHELF-9 E XII BIOLOGY 08/03/2022 purchase 140.00 510 DEW/M 12469 Books